00320 a2200145 4500003000400000005001700004008004100021020001800062040000600080100002000086245003600106250000800142260001600150300000800166OSt20180116182723.0160429b xxu||||| |||| 00| 0 eng d a9788131719527 c0 aMichael Drafke. aThe human side of organizations a9th aDelhic2006 a552